| 000 | 00973nam a22002657a 4500 | ||
|---|---|---|---|
| 999 |
_c11730 _d11730 |
||
| 003 | AR-CdUCM | ||
| 008 | 190404b ||||| |||| 00| 0 spa d | ||
| 040 |
_aMUNICIPALIDAD PROVINCIAL DEL CUSCO _cBIBLIOTECA MUNICIPAL DEL CUSCO |
||
| 041 | _heng | ||
| 082 |
_a530.1 / _bG194 |
||
| 100 |
_aGamow, George _929223 |
||
| 245 |
_aEn el país de la maravillas : _bRelatividad y cuantos / |
||
| 260 |
_aMéxico, D.F ; Buenos Aires : _bFondo de cultura económica, _c1958. |
||
| 300 |
_a116 páginas ; _c17 cm. |
||
| 440 |
_aFondo de cultura económica, _n134 _929224 |
||
| 505 | _aContenido: Un universo de juguete -- El salón cuántico -- Velocidad Máxima -- Mas Incertidumbre ... | ||
| 650 |
_aFísica nuclea _929225 |
||
| 650 |
_aTeoría cuántica _920524 |
||
| 650 |
_aObras de divulgación _99644 |
||
| 650 |
_aRelatividad _920523 |
||
| 650 |
_aFísica _92382 |
||
| 700 |
_aAlmela Castell, Juan (traductor) _929226 |
||
| 942 |
_2ddc _cLIBROS |
||
| 945 |
_acmm _d2019-04-04 |
||